000 01138nam a2200337Ia 4500
003 OSt
005 20220912144646.0
006 a|||||r|||| 00| 0
007 ta
008 220909b |||||||| |||| 00| 0 eng d
020 _a9781118077801 (pbk)
020 _aSL01562134
024 _a191405
037 _cTextbook
040 _aCSL
_beng
_cCSL
041 _aeng
082 _aD65,8(B):71, Q3 TD
100 _aCiccarelli Patrick; Faulkner Christina; Fitzgerald Jerry; Dennis Alan; Groth David; Skandier Toby
245 0 _aNetworking basics
250 _a2
260 _aNew York
_bWiley
_c2013
300 _axxiii, 552p.
500 _aGlossary 517-534p.; Index 535-552p.
650 _a Media and devices
650 _a Network protocols
650 _a Network security
650 _aNetworking basics
700 _aCiccarelli Patrick; Faulkner Christina; Fitzgerald Jerry; Dennis Alan; Groth David; Skandier Toby
942 _hD65,8(B):71, Q3 TD
_cTB
_2CC
999 _c14959
_d14959